[Event "Hannover-ch U16"]
[Site "Lehrte"]
[Date "2006.10.17"]
[Round "7"]
[White "Zimmermann, Florian"]
[Black "Baars, Lasse"]
[Result "0-1"]
[WhiteElo "1018"]
[BlackElo "995"]
[PlyCount "38"]
[EventDate "2006.10.14"]
[EventType "swiss"]
[EventRounds "7"]
[EventCountry "GER"]
[SourceTitle "EXT 2021"]
[Source "ChessBase"]
[SourceDate "2020.10.23"]
[SourceVersion "1"]
[SourceVersionDate "2020.10.23"]
[SourceQuality "1"]

1. e4 e5 2. Nf3 Nc6 3. Bc4 Nd4 4. d3 Nc6 5. Ng5 Nh6 6. Qf3 f6 7. Nh3 Nd4 8. Qd1 d6 9. Bxh6 gxh6 10. Qh5+ Kd7 11. 0-0 Nxc2 12. Qg4+ Ke7 13. Nc3 Bxg4 14. Nd5+ Kd7 15. Rac1 Nd4 16. f4 Ne2+ 17. Kh1 Nxc1 18. Rxc1 Bxh3 19. gxh3 c6 0-1